[Event "Peristeri op"]
[Site "Peristeri"]
[Date "2015.01.04"]
[Round "3"]
[White "Katopodis, Dimitrios"]
[Black "Kosmidis, Konstantinos"]
[Result "1/2-1/2"]
[WhiteElo "2098"]
[BlackElo "1819"]
[PlyCount "140"]
[EventDate "2015.01.02"]
[EventType "swiss"]
[EventRounds "7"]
[EventCountry "GRE"]
[SourceTitle "EXT 2016"]
[Source "ChessBase"]
[SourceDate "2015.10.08"]
[SourceVersion "1"]
[SourceVersionDate "2015.10.08"]
[SourceQuality "1"]

1. d4 d5 2. Nf3 Nf6 3. c4 e6 4. g3 Be7 5. Bg2 0-0 6. 0-0 b6 7. Nc3 Bb7 8. Ne5 Nbd7 9. Qa4 c5 10. Nxd7 Nxd7 11. cxd5 cxd4 12. Qxd4 Bf6 13. Qd1 Bxc3 14. bxc3 Bxd5 15. Bxd5 exd5 16. Qxd5 Nf6 17. Qd4 Rc8 18. Bg5 Rc5 19. f4 Qe7 20. Bxf6 Qxf6 21. Qxf6 gxf6 22. Rf3 Rfc8 23. Rc1 b5 24. a3 Rc4 25. Kf2 Ra4 26. Rb1 Rc5 27. Rb3 Rc6 28. Rxb5 Rxa3 29. Rb7 Raxc3 30. Rxc3 Rxc3 31. Rxa7 Rc6 32. Kf3 Kg7 33. e4 h5 34. Ra3 Rc2 35. h3 Rh2 36. Ra5 h4 37. gxh4 Rxh3+ 38. Kg4 Re3 39. Ra4 Re1 40. h5 Rg1+ 41. Kf3 Rh1 42. Ra5 Rf1+ 43. Ke3 Re1+ 44. Kd3 Rf1 45. Rf5 Rh1 46. Ke3 Rh3+ 47. Kd4 Rh1 48. Kc5 Rd1 49. Kc4 Rc1+ 50. Kd4 Rd1+ 51. Ke3 Re1+ 52. Kf3 Rf1+ 53. Kg2 Re1 54. h6+ Kxh6 55. Rxf6+ Kg7 56. e5 Re3 57. Kf2 Ra3 58. Rf5 Rb3 59. Rg5+ Kf8 60. Rg3 Rb6 61. Rd3 f6 62. Ke3 fxe5 63. fxe5 Ke7 64. Ke4 Ke6 65. Rd4 Ra6 66. Rb4 Rc6 67. Rb8 Rc4+ 68. Kd3 Ra4 69. Re8+ Kf7 70. Rc8 Ke6 1/2-1/2